Mi piace il cioccolato /

Gardado en:
Detalles Bibliográficos
Autor Principal: Calì, Davide (Author)
Outros autores: Daviddi, Evelyn
Formato: Libro
Idioma:Lingua italiana
Publicado: Reggio Emilia : Zoo Libri, [2004]
Tags: Engadir etiqueta
Sen Etiquetas, Sexa o primeiro en etiquetar este rexistro!

MARC

LEADER 00000nam a22000007i 4500
001 IT\ICCU\MOD\1347308
003 ItRI
005 20231215190521.0
008 061019s2004 it |||||| ||||| |||||c
020 |a 8888254196 
020 |a 9788888254197 
040 |b ita  |c C 
041 7 |a ita  |2 ISO-639-2 
100 1 |a Calì, Davide  |0 IT\ICCU\TO0V\384843  |4 aut 
245 1 0 |a Mi piace il cioccolato /  |c Davide Calì ; Evelyn Daviddi. 
260 |a Reggio Emilia :  |b Zoo Libri,  |c [2004] 
300 |a 1 v. :  |b in gran parte ill. ;  |c 16 cm. 
700 1 |a Daviddi, Evelyn  |0 IT\ICCU\RAVV\221512 
942 |2 ddc  |c BK 
952 |0 0  |1 0  |2 ddc  |4 0  |6 808_899000000000000_CAL_MIP  |7 1  |9 448  |a GE  |b GE  |d 2023-12-15  |l 0  |o 808.899 CAL MIP  |p 4801  |r 2023-12-15 19:05:56  |w 2023-12-15  |y BK 
981 1 |6 z01  |a i   |b xxxe  
982 1 |6 z01  |a n 
999 |c 353  |d 353